000 00922nam a2200193 a 4500
001 45608
005 20180714024853.0
008 140415s1998 mx 000 0 spa d
020 _a9701015819
041 _aspa
082 _a658.402
_bGUI
100 1 _aGUIZAR MONTUFAR, RAFAEL
245 1 0 _aDESARROLLO ORGANIZACIONAL :
_bPRICIPIOS Y APLICACIONES
250 _a1a ed.
260 _aMEXICO :
_bMCGRAW-HILL INTERAMERICANA EDITORES,
_c1998
300 _a375
_c18.9 x 1.3 x 23.5
520 _aEL CAMPO DEL DESARROLLO ORGANIZACIONAL EN LOS PAISES LATINOAMERICANOS SE CONSIDERA RELATIVAMENTE NUEVO Y SON MUY ESCASOS LOS ESCRITOS SOBRE EL TEMA. POR ELLO, ESTA OBRA TIENE EL OBJETIVO DE SERVIR COMO BASE TOERICA, CONSIDERANDO MODELOS CLASICOS Y CONTEMPORANEOS EN LA APLICACION DE LOS PROGRAMAS DE CAMBIO QUE EL D.O. OFRECE.
650 1 4 _aCIENCIAS ADMINISTRATIVAS
_xDESARROLLO ORGANIZACIONAL
_xRECURSOS HUMANOS
999 _c45608
_d45608